LEADER 01147nam a2200277 i 4500 001 991002104069707536 005 20020508190541.0 008 970922s1966 ||| ||| | ger 035 $ab10959889-39ule_inst 035 $aPARLA154594$9ExL 040 $aDip.to Filosofia$bita 082 0 $a180 082 0 $a189 100 1 $aSchrimpf, Gangolf$0526326 245 14$aDie Axiomenschrift des Boethius (De Hebdomadibus) als Philosophisches Lehrbuch des Mittelalters /$cGangolf Schrimpf 260 $aLeiden :$bBrill,$c1966 300 $aix, 162 p. :$bill. ;$c24 cm 490 0 $aStudien zur Problemgeschichte der antiken und mittelalterlichen Philosophie ;$v2. 600 14$aBoezio, Severino 700 1 $aBoethius, Anicius Manlius Torquatus Severinus 907 $a.b10959889$b23-02-17$c28-06-02 912 $a991002104069707536 945 $aLE005 189 BOE01. SCH01. 01$g1$i2005000000591$lle005$o-$pE0.00$q-$rl$s- $t0$u3$v0$w3$x0$y.i1106884x$z28-06-02 996 $aAxiomenschrift des Boethius (De Hebdomadibus) als Philosophisches Lehrbuch des Mittelalters$9863929 997 $aUNISALENTO 998 $ale005$b01-01-97$cm$da $e-$feng$gxx $h4$i1 LEADER 04697nam 22003733 450 001 9910838327603321 005 20230407080307.0 010 $a9789464270419$b(electronic bk.) 010 $z9789464270396 035 $a(MiAaPQ)EBC30469004 035 $a(Au-PeEL)EBL30469004 035 $a(EXLCZ)9926387419400041 100 $a20230407d2023 uy 0 101 0 $aeng 135 $aurcnu|||||||| 181 $ctxt$2rdacontent 182 $cc$2rdamedia 183 $acr$2rdacarrier 200 10$aContemporary Philosophy for Maritime Archaeology $eFlat Ontologies, Oceanic Thought, and the Anthropocene 205 $a1st ed. 210 1$aLeiden :$cSidestone Press,$d2023. 210 4$d©2023. 215 $a1 online resource (356 pages) 311 08$aPrint version: Rich, Sara A. Contemporary Philosophy for Maritime Archaeology Leiden : Sidestone Press,c2023 9789464270396 327 $aIntro -- Acknowledgements -- A History of Maritime Archaeological Thought -- Peter B. Campbell -- Collapse, Cataclysm, and Eruption -- Alien Archaeologies for the Anthropocene -- Sara A. Rich and Peter B. Campbell -- The Shipwreck of Theseus -- Philosophy and Maritime Archaeology -- Graham Harman -- What Washes Up on the Beach -- Shipwreck, Literary Culture, and Objects of Interpretation -- Steve Mentz -- An Anthropocene Section -- Matt Edgeworth -- Maritime?Christening -- Anthropomorphism and the Engender(bend)ing of Metaphor -- Jeremy Killian and Sara A. Rich -- Complicit Objects and New Materialist Praxis -- Claire S. Watson -- Assemblage Theory and the Mediative Practice of Ship Hull Reuse -- Chelsea M. Cohen -- 'The Biggest Museum Gallery in the Whole World' -- Virtual Excavation and the Musealization of the Seafloor -- Lisa Yin Han -- Naufragic Architecture in the Anthropocene -- Sara A. Rich, Leila Hamdan and Justyna Hampel -- Octopodology and Dark Amphorae -- Alien Archaeologies, Reflexivity, and the Non-Human Afterlives of Objects in the Sea -- Peter B. Campbell -- Water as a Hyperfact -- Johan Normark -- Drift -- Þóra Pétursdóttir -- Contemporary Philosophies for Maritime Archaeology -- A Response -- Joe Flatman -- OOO, Archaeology, and the Anthropocene -- Comments on Maritime Archaeology and Anthropocene Philosophy -- Christopher Witmore -- Compelled by Things -- A Response to Contemporary Philosophy for Maritime Archaeology -- Matthew Harpster -- Theory at Sea -- Some Reflections from the Gunwale -- Bjørnar J. Olsen -- If on a Winter's Night a Ship Wrecks -- Peter B. Campbell -- Author Biographies -- Lege pagina. 330 $aWhile terrestrial archaeology has engaged with contemporary philosophy, maritime archaeology has remained in comparative disciplinary - or subdisciplinary - isolation. However, the issues that humans face in the Anthropocene - from global warming to global pandemics - call for transdisciplinary cooperation, and for thinking together beyond the confines of the human-centered philosophical tradition. Growing areas such as the "blue humanities" and "oceanic thinking" draw directly on our maritime past, even as they ponder the future. Theoretically engaged maritime archaeologists could contribute significantly to these areas of thought, as this volume demonstrates. The essays collected here serve as a jumping off point, which opens new ways for maritime archaeologists to engage with the most important problems of our time and to benefit from the new insights offered by object-oriented and flat ontologies. The book gathers the analytical thinking of archaeologists, philosophers, marine biologists, and media theorists, and pushes those observations deep into the maritime realm. The contributions then branch out, like tentacles or corals, reaching into the lessons of oil spills, cephalopod hideouts, shipwreck literature, ruined monuments, and beached plastics. The volume concludes with a series of critical responses to these papers, which pushes the dialogue into new areas of inquiry. Taken as a whole, the volume emphasizes that the study of the past is more relevant than ever because serious consideration of our transtemporal watery world and all its inhabitants is increasingly necessary for our collective survival. This volume takes the first steps toward this reckoning and, as such, it promises to be an important new contribution to lecture and conference halls around the world where oceans and the Anthropocene are under study. 700 $aRich$b Sara A$01159945 701 $aCampbell$b Peter$01062690 801 0$bMiAaPQ 801 1$bMiAaPQ 801 2$bMiAaPQ 912 $a9910838327603321 996 $aContemporary Philosophy for Maritime Archaeology$94143760 997 $aUNINA LEADER 01178cam0 22002893 450 001 SOB003728 005 20240716084715.0 010 $a8814083940 100 $a20040211d2000 |||||ita|0103 ba 101 $aita 102 $aIT 200 1 $a<>riformulazione dei reati$eProfili di Diritto intemporale$eCon la recente riformulazione dell'abuso d'ufficio a seguito della riforma della L. 16 luglio 1997, n.234 e dei reati del D.Lgs. 10 marzo 2000, n.74$fMaurizio Musco$gprefazione di Giovanni Grasso 210 $aMilano$cGiuffrè$d2000 215 $a262 p.$d21 cm 225 2 $aTeoria e pratica del diritto$v106 410 1$1001LAEC00016038$12001 $a*Teoria e pratica del diritto$v106 700 1$aMusco$b, Maurizio$3AF00005184$4070$0421050 702 1$aGrasso, Giovanni$3AF00016598$4070 801 0$aIT$bUNISOB$c20240716$gRICA 850 $aUNISOB 852 $aUNISOB$j340|Coll|47|B$m103967 912 $aSOB003728 940 $aM 102 Monografia moderna SBN 941 $aM 957 $a340|Coll|47|B$b000003$gSI$d103967$racquisto$1carrano$2UNISOB$3UNISOB$420120315111833.0$520240716084659.0$6Alfano 996 $aRiformulazione dei reati$9663553 997 $aUNISOB